Indian Spices (Record no. 12830)
[ view plain ]
| 000 -LEADER | |
|---|---|
| fixed length control field | 00470nam a2200145Ia 4500 |
| 022 ## - INTERNATIONAL STANDARD SERIAL NUMBER | |
| ISSN | 0019-6401 |
| 245 #0 - TITLE STATEMENT | |
| Title | Indian Spices |
| 260 ## - PUBLICATION, DISTRIBUTION, ETC. (IMPRINT) | |
| Name of publisher | The Spices Export Promotion Council, Cochin |
| Place of publication | India |
| 310 ## - CURRENT PUBLICATION FREQUENCY | |
| Current publication frequency | M |
| 500 ## - GENERAL NOTE | |
| General note | Ending Volume & Year: 25, 1988 |
| 500 ## - GENERAL NOTE | |
| General note | Missing Volume: 2;3;9;13(4);14(1,4);16(4);17(3-4);20(3-4);21(1,2);22(2-4);23;24(4);25(1,4) |
| 500 ## - GENERAL NOTE | |
| General note | Starting Volume & Year: 1, 1964 |
| 942 ## - ADDED ENTRY ELEMENTS (KOHA) | |
| Koha item type | Bound Journal |
| Withdrawn status | Lost status | Damaged status | Not for loan | Home library | Current library | Date acquired | Accession Number | Koha item type |
|---|---|---|---|---|---|---|---|---|
| Bound journals | RRII Library | RRII Library | 31/12/2021 | 12677J | Bound Journal |